000 00524nam a22002057a 4500
001 1031855
003 OSt
005 20150327150732.0
008 880319s1986 fr 000 0 fre
010 _a 88869015
040 _cBMC
082 _a843
100 1 _aSulitzer, Paul-Loup
_932400
245 1 3 _aLa femme pressée
_cPaul-Loup Sulitzer
260 _a[Paris]
_bEdition No 1
_bStock
_c1987
300 _a635 p.
_c16 cm
490 _aLe livre de poche
_v6575
650 2 4 _911443
_aNovela francesa
942 _2ddc
_cBK
999 _c19392
_d19392